000
00291nam a22001217a 4500
040
_c
Nust
082
_a
891.4393
_b
HAM
100
_a
A Hameed
_9
9242
245
_a
Somnath ke but shikan
260
_a
Lahore;
_b
Rabya Book House,
_c
2000.
650
_2
Somnath ke but shikan
942
_2
ddc
_c
BK
999
_c
610870
_d
610870